Stades de Serie A (2024-2025) - Statistiques

Statistiques générales
  • Ce quiz a été pris 32 fois
  • Le résultat moyen est 4 sur 18
Statistiques - réponses
Équipe(s) Stade Ville Capacité % Correct
AC Milan - Inter Milan San Siro / Giuseppe Meazza Milan 80 018
100%
AS Rome - Lazio Stade olympique de Rome Rome 70 634
71%
Naples Stade Diego Armando Maradona Naples 60 240
68%
Juventus Allianz Stadium Turin 41 504
43%
Torino Stade olympique de Turin Turin 27 994
21%
Atalanta Bergame Gewiss Stadium Bergame 26 542
14%
Genoa Stade Luigi-Ferraris Gênes 36 685
14%
Fiorentina Stade Artemio-Franchi Florence 47 282
11%
Parma Stade Ennio-Tardini Parme 22 790
11%
Hellas Verone Stade Mercantonio-Bentegodi Vérone 39 211
11%
Udinese Dacia Arena Udine 25 500
7%
AC Monza Stade Brianteo Monza 18 568
7%
Bologne Stade Renato-Dall'Ara Bologne 38 279
7%
US Lecce Stade Via del Mare Lecce 36 285
7%
Cagliari Sardegna Arena Cagliari 16 233
4%
Empoli Stade Carlo-Castellani Empoli 19 847
4%
Côme Stade Giuseppe-Sinigaglia Côme 13 602
4%
Venezia Stade Pier-Luigi-Penzo Venise 11 150
4%
Aucun quiz correspondant
Distribution des résultats
% des personnes avec chaque résultat
Percentile par nombre de réponses
Votre historique - résultats
Vous n’avez pas pris ce quiz